Tratado de derecho penal espaǫl. T. I, El sistema de la parte general. V. 2, La estructura del delito

Bibliographic Details
Main Author: Blanco Lozano, Carlos
Format: Unknown
Language:Spanish
Published: Barcelona : Bosch, 2005
Subjects:
Online Access:Acceso restringido

MARC

LEADER 00000ny a22000003n 4500
005 2011022402152.0
006 m u
007 cr cn|||||||||
008 200807r2005 sp |||||s|||||||||||spa d
020 |a 9788476987315 
035 |a 663 
040 |a FlNmELB  |c FlNmELB  |d vlex 
050 1 4 |a K5015.4   |b B641 2005eb 
080 |a 343(460)(075.8) 
090 |c 1393  |d 1393 
100 1 |a Blanco Lozano, Carlos 
245 1 0 |a Tratado de derecho penal espaǫl.  |n T. I,  |p El sistema de la parte general.  |n V. 2,  |p La estructura del delito  |h [Recurso electrn̤ico]  |c Carlos Blanco Lozano 
256 |a Servicio en ln̕ea 
260 |a Barcelona :  |b Bosch,  |c 2005 
300 |a 485 p ; 
506 1 |a Contenido solo disponible en los productos indicados  |d vLex Global  |d vLex Global (Academic Edition, excluding Law Schools)  |d vLex Global (U.S. Academic Edition, Law Schools)  |d vLex Global (U.S. Academic Edition, excluding Law Schools)  |d vLex Global (Academic Edition, Law Schools) 
650 0 7 |a Derecho penal  |2 Tesauro vLex 
650 0 7 |a Penal  |2 Tesauro vLex 
650 0 7 |a Teora̕ jurd̕ica del delito  |2 Tesauro vLex 
740 0 |a vLex Libros (Servicios en ln̕ea) 
856 4 0 |z Acceso restringido  |u http://vlex.com/source/derecho-penal-espa-ol-tratado-tomo-1-663 
942 |c BOOK